Statistics for Characters Played by Different Actors #10

Click here to take the quiz!

General Stats

  • This quiz has been taken 139 times
  • The average score is 7 of 20

Answer Stats

Performers Hint Character % Correct
Ben Kingsley; Jay LeveyleaderGandhi
73%
Charlie Chaplin^; Anthony HopkinspoliticianAdolf Hitler
66%
John Cusack; Kevin Spacey*presidentRichard Nixon
56%
Robert Downey Jr.; Eddie IzzardactorCharlie Chaplin
54%
Henry Fonda; Brendan FraserpresidentAbraham Lincoln
53%
Kirk Douglas; Val KilmergunslingerDoc Holliday
53%
John Schneider; Sean William Scottgood ol' boyBo Duke
45%
Olivia Williams; Nina YounggoddessHera
44%
Nicol Williamson; David WarnerwizardMerlin
40%
Kurt Russell; Don JohnsonmusicianElvis Presley
34%
Harry Hamlin; Sam WorthingtonheroPerseus
33%
Juliette Lewis; Leslie Mann*vacationerAudrey Griswold
31%
William Daniels; Paul GiamattipresidentJohn Adams
30%
Ashley Judd; Mira SorvinoactressMarilyn Monroe
30%
Bill Murray^; Jim Carreyrich personEbenezer Scrooge
23%
Julia Ormond; Keira KnightleyqueenGuinevere
21%
Paul McCartney; Jack BlackmusicianPaul McCartney
14%
Emmy Rossum; Jennifer Love HewittactressAudrey Hepburn
14%
Kevin Kline; Tom SkerrittpresidentUlysses S. Grant
14%
Aaron Paul; Andy SambergmusicianWeird Al Yankovic
1%

Score Distribution

Percentile by Number Answered

Percent of People with Each Score

Your Score History

You have not taken this quiz